Comentr̀ios ̉Lei sobre a Reforma Trabalhista

Bibliographic Details
Main Author: Pretti, Gleibe
Format: eBook
Language:Portuguese
Published: San Pablo: LTR, 2017
Subjects:
Online Access:Acceso restringido

MARC

LEADER 00000nam a22000007a 4500
005 20180321231144.0
007 cr|||| ||||
008 180321s2017 br |||||s|||| 00||0 por d
020 |a 978-85-361-9362-5 
035 |a 21130 
040 |a vLex 
090 |c 7531  |d 7531 
100 1 |a Pretti, Gleibe 
245 1 0 |a Comentr̀ios ̉Lei sobre a Reforma Trabalhista  |h [Recurso electrn̤ico] /  |c Gleibe Pretti 
256 |a Servicio en ln̕ea 
260 |a San Pablo:  |b LTR,  |c 2017 
300 |a 1 recurso electrn̤ico 
506 1 |a Disponible solo en los productos indicados  |d vLex Global  |d vLex Global (Academic Edition, excluding Law Schools)  |d vLex Global (U.S. Academic Edition, Law Schools)  |d vLex Global (U.S. Academic Edition, excluding Law Schools)  |d vLex Global (Academic Edition, Law Schools) 
650 0 4 |a Derecho Laboral y Seguridad Social  |z Brasil 
740 0 |a vLex Libros (Servicio en ln̕ea) 
856 4 0 |u http://vlex.com/source/comentarios-lei-reforma-trabalhista-21130  |z Acceso restringido 
942 |c BOOK 
999 0 |a Labor law and social security